Представление документа в формате MARC21

Поле Инд. ПП Название Значение
Тип записи a
Библиографический уровень b
001 Контрольный номер RU/IS/BASE/283882929
005 Дата корректировки 20200522191259.9
008 Кодируемые данные 20081229
040 b Код языка каталог. rus
e Правила каталог. PSBO
041 0_ a Код языка текста rus
084 a Индекс другой классификации/Индекс ББК 81.433.1-213
100 1_ a Автор Крылова Э. Б.
245 10 a Заглавие Модальная частица NU в датском языке: функционально-семантическая эволюция от наречия к частице
504 a Библиография Библиогр.: с. 29 - 30
650 14 a Основная рубрика грамматика
a Основная рубрика филологические науки
a Основная рубрика частное языкознание
a Основная рубрика языкознание
653 0_ a Ключевые слова германские языки
a Ключевые слова датский язык
a Ключевые слова коммуникативная семантика
a Ключевые слова морфология
a Ключевые слова наречие
a Ключевые слова служебные части речи
a Ключевые слова части речи
a Ключевые слова частица модальная nu
a Ключевые слова частицы
773 08 t Заглавие источника Вестник Московского университета. Серия 9, Филология
d Дата издания источника 2008
g Прочая информация № 3. - С. 15 - 30
w Контрольный № источника RU/IS/BASE/282745557
901 t Тип документа b